Bibliografía jurídica de América Latina. (1810-1965).
Gespeichert in:
| 1. Verfasser: | |
|---|---|
| Format: | Buch |
| Veröffentlicht: |
Santiago, Chile:
Jurídica de Chile,
1969.
|
| Schlagworte: | |
| Tags: |
Tag hinzufügen
Keine Tags, Fügen Sie den ersten Tag hinzu!
|
MARC
| LEADER | 00000nam a22000007a 4500 | ||
|---|---|---|---|
| 003 | CL-VaPUC | ||
| 005 | 20220822114514.0 | ||
| 008 | 220622b1969 ||||| |||| 00| 0 eng d | ||
| 999 | |c 436189 |d 436187 | ||
| 020 | |a 956-8022-04-X (t.III) | ||
| 020 | |a 956-8022-03-1 (colección) | ||
| 040 | |c Pontificia Universidad Católica de Valparaíso | ||
| 082 | 0 | 4 | |2 22 |a 340.816 VIL 1969 |
| 100 | 1 | |a Villalón Galdames, Alberto |9 499354 |e autor | |
| 245 | 1 | 0 | |a Bibliografía jurídica de América Latina. |b (1810-1965). |
| 260 | |a Santiago, Chile: |b Jurídica de Chile, |c 1969. | ||
| 300 | |a Tomo I. | ||
| 500 | |a c.1 Donación Familia Prof. Alejandro Guzmán Brito. | ||
| 505 | |a t.I. Primera Parte.- Introducción. Segunda Parte.- Bibliografía Jurídica de América Latina: Capítulo I.- Argentina. Capítulo II.- Bolivia. Capítulo | ||
| 583 | |c 20220224 |k Cristina María Rojas Aguilar | ||
| 650 | 1 | |a Derecho |x Bibliografías |z América Latina |9 869555 | |
| 942 | |2 ddc |c BK |n 0 | ||
| 952 | |0 0 |1 0 |2 ddc |4 0 |6 340_816000000000000_VIL_1969 |7 0 |8 C_AGB |9 583928 |a BIBDER |b BIBDER |d 2022-06-22 |e Donación |h t.I |i 5652016 |o 340.816 VIL 1969 |p 5652016 |r 2023-01-25 |t 1 |w 2022-06-22 |y BK_US |k AGB | ||